000 00595nam a2200181Ia 4500
003 GCL
008 140319s9999 xx 000 0 ara d
020 _a2181214977
040 _aGCL /
_cGCL
082 0 4 _a780.92
_bا ن
100 1 _aانيس منصور
245 1 0 _aالناى السحرى موتسارت /
_cانيس منصور
260 _aالقاهرة :
_bنهضة مصر للطباعة والنشر والتوزيع ،
_c2002
300 _a96 ص ؛
_c24 سم
650 0 4 _aالموسيقيون النمساويون
650 0 4 _aالموسيقيون - تراجم
942 _2ddc
_cBK
999 _c8695
_d8695